LEADER 01603nam 2200385 n 450 001 996395713803316 005 20200824120959.0 035 $a(CKB)4330000000326732 035 $a(EEBO)2248498601 035 $a(UnM)99827637e 035 $a(UnM)99827637 035 $a(EXLCZ)994330000000326732 100 $a19950306d1680 uy | 101 0 $aeng 135 $aurbn||||a|bb| 200 00$aChrist's first sermon: or, The absolute necessity of gospel duty and Christian repentance open'd and apply'd$b[electronic resource] $eWherein is plainly discover'd what repentance is, and the great necessity theireof [sic] to salvation; with the great folly and desperate madness of those that delay and put off thier repentance unto a sick bed, or old age. Together with the great benefit, joy and comfort that shall be to the souls of those that timely and truly repent. By John Hart, DD 205 $aThe twenty-sixth edition. 210 $a[London $cs.n.$d1680?] 215 $a24 p. $cfrontis., (port.) 300 $aImprint from Wing. 300 $aReproduction of the original in the British Library. 330 $aeebo-0018 606 $aDuty$vEarly works to 1800 606 $aRepentance$vEarly works to 1800 615 0$aDuty 615 0$aRepentance 700 $aHart$b John$cD.D.$0195672 801 0$bCu-RivES 801 1$bCu-RivES 801 2$bCStRLIN 801 2$bWaOLN 906 $aBOOK 912 $a996395713803316 996 $aChrist's first sermon: or, The absolute necessity of gospel duty and Christian repentance open'd and apply'd$92348010 997 $aUNISA LEADER 05001nam 2200637Ia 450 001 9910967578103321 005 20251117064851.0 010 $a1-283-36318-6 010 $a9786613363183 010 $a0-08-092479-4 035 $a(CKB)2670000000069471 035 $a(EBL)631866 035 $a(OCoLC)701704007 035 $a(SSID)ssj0000486744 035 $a(PQKBManifestationID)11307216 035 $a(PQKBTitleCode)TC0000486744 035 $a(PQKBWorkID)10442392 035 $a(PQKB)10100078 035 $a(Au-PeEL)EBL631866 035 $a(CaPaEBR)ebr10451126 035 $a(CaONFJC)MIL3030613 035 $a(MiAaPQ)EBC631866 035 $a(EXLCZ)992670000000069471 100 $a20071206d2008 uy 0 101 0 $aeng 135 $aur|n|---||||| 181 $ctxt 182 $cc 183 $acr 200 10$aPrinciples of environmental physics /$fJohn Monteith, Mike Unsworth 205 $a3rd ed. 210 $aAmsterdam ;$aBoston $cElsevier$dc2008 215 $a1 online resource (440 p.) 300 $aDescription based upon print version of record. 311 08$a0-12-505103-4 320 $aIncludes bibliographical references (p. 367-393) and index. 327 $aFront Cover; Principles of Environmental Physics; Copyright Page; Contents; Preface; Acknowledgments; Symbols; Chapter 1 The Scope of Environmental Physics; Chapter 2 Properties of Gases and Liquids; Gases and Water Vapor; Liquid; Stable Isotopes; Problems; Chapter 3 Transport of Heat, Mass, and Momentum; General Transfer Equation; Molecular Transfer Processes; Diffusion Coefficients; Problems; Chapter 4 Transport of Radiant Energy; The Origin and Nature of Radiation; Spatial Relations; Problems; Chapter 5 Radiation Environment; Solar Radiation 327 $aAttenuation of Solar Radiation in the AtmosphereSolar Radiation at the Ground; Terrestrial Radiation; Net Radiation; Problems; Chapter 6 Microclimatology of Radiation (i) Absorption, Reflection, and Transmission; Radiative Properties of Natural Materials; Problems; Chapter 7 Microclimatology of Radiation (ii) Radiation Interception by Solid Structures; Geometric Principles; Diffuse Radiation; Problems; Chapter 8 Microclimatology of Radiation (iii) Interception by Plants and Animals; Interception of Radiation by Plant Canopies; Interception of Radiation by Animal Coats; Net Radiation; Problems 327 $aChapter 9 Momentum TransferBoundary Layers; Momentum Transfer to Natural Surfaces; Lodging and Windthrow; Problems; Chapter 10 Heat Transfer; Convection; Measurements of Convection; Conduction; Insulation; Problems; Chapter 11 Mass Transfer (Gases and Water Vapor); Non-Dimensional Groups; Measurements of Mass Transfer; Ventilation; Mass Transfer through Pores; Coats and Clothing; Problems; Chapter 12 Mass Transfer (Particles); Steady Motion; Non-Steady Motion; Particle Deposition; Problems; Chapter 13 Steady State Heat Balance (i) Water Surfaces, Soil, and Vegetation; Heat Balance Equation 327 $aHeat Balance of ThermometersHeat Balance of Surfaces; Developments from the Penman Equation; Problems; Chapter 14 Steady State Heat Balance (ii) Animals; Heat Balance Components; The Thermo-Neutral Diagram; Specification of the Environment; Case Studies; Sheep; Problems; Chapter 15 Transient Heat Balance; Time Constant; General Cases; Heat Flow in Soil; Problems; Chapter 16 Micrometeorology (i) Turbulent Transfer, Profiles, and Fluxes; Turbulent Transfer; Flux-Gradient Methods; Methods for Indirect Measurements of Flux above Canopies; Relative Merits of Methods of Flux Measurement 327 $aTurbulent Transfer in CanopiesDensity Corrections to Flux Measurements; Problems; Chapter 17 Micrometeorology (ii) Interpretation of Measurements; Resistance Analogues; Case Studies; Transport within Canopies; Problems; References; Bibliography; Appendix A; Solutions to Selected Problems; Index; A; B; C; D; E; F; G; H; I; K; L; M; N; O; P; Q; R; S; T; U; V; W; Z 330 $aEnvironmental Physics concerns the description and analysis of physical processes that establish the conditions in which all species of life survive and reproduce. The subject involves a synthesis of mathematical relations that describe the physical nature of the environment and the many biological responses that environments evoke. Environmental Physics provides a basis for understanding the complex responses of plants and animals to environmental change.International concern with climate change has made both politicans and the general public much more aware of the impac 606 $aBiophysics 606 $aEcology 615 0$aBiophysics. 615 0$aEcology. 676 $a577/.1 700 $aMonteith$b John L$g(John Lennox),$f1929-2012.$077799 701 $aUnsworth$b M. H$01562991 801 0$bMiAaPQ 801 1$bMiAaPQ 801 2$bMiAaPQ 906 $aBOOK 912 $a9910967578103321 996 $aPrinciples of environmental physics$94469057 997 $aUNINA